000
00308nam a2200133Ia 4500
008
230524s9999 xx 000 0 und d
020
_a
0198065442
100
_a
Reema Thareja
245
0
_a
Data Structures Using C
260
_b
Oxford
500
_a
Quantity Number: 20
650
_a
Comp-Sc
942
_c
BK
999
_c
51344
_d
51344